000 00950nam a22002777a 4500
001 8421
003 FISKH
005 20250911103923.0
008 250911b cb ||||| |||| 00| 0 eng d
020 _a0822502933
040 _aFISKH
_beng
_cFISKH
_dFISKH
050 _aQL696.S8 S23
082 _a598.97
100 _aSadoway, Margaret Wheeler
245 _aOwls :
_bHunters of the night /
_cBy Margaret Wheeler Sadoway
260 _aMinneapolis :
_bLerner Publications Company ,
_c1981.
300 _a64 pages :
_bcolor illustrations ;
_c23 cm .
505 _aJ
520 _aText and photographs describe the physical characteristics, habits, and behavior of 18 species of owls that make their homes in North America.
521 8 _a480
_bLexile estimate
521 8 _aJ
_bRaz-Plus
650 _aOwls
_vJuvenile Literature
650 _aBirds-North America
_vJuvenile Literature
942 _2ddc
_cBK
_n0
999 _c8421
_d8421